முத்துக்கணையாழி: பாகம் 2 /

Saved in:
Bibliographic Details
Main Author: நிசார். உ
Format: Book
Language:English
Tamil
Published: இலங்கை : பானு பதிப்பகம், 2011.
Subjects:
Tags: Add Tag
No Tags, Be the first to tag this record!

MARC

LEADER 00000nam a22000007a 4500
005 20251220105555.0
008 251220b |||||||| |||| 00| 0 eng d
020 |a 9789550503025 
041 |a tam  |h tam 
082 |a 894.8113  |b நிசார் 
100 |a நிசார். உ  |9 83109 
245 |a முத்துக்கணையாழி: பாகம் 2 /  
260 |a இலங்கை :  |b  பானு பதிப்பகம்,  |c 2011. 
300 |a 32 P.  |b ill, Col pic.  |c 17.4Cm. 
650 |a Story  
942 |c BK 
999 |c 70509  |d 70509